Najpopularniejsi raperzy w tym tygodniu . 25-31.12 - Statystyki

Ogólne statystyki
  • Ten quiz został rozwiązany 49 razy
  • Średni wynik to 8 z 15
Statystyki odpowiedzi
Wyświetlenia Raper % Poprawnych
3.88M Bedoes
89%
2.23M White 2115
85%
5.96M Quebonafide
77%
3.03M Żabson
70%
4.33M Sobel
66%
3.92M Kizo
62%
4.43M Szpaku
60%
3.86M Tymek
49%
3.20M Paluch
47%
7.61M Guzior
43%
3.58M Kabe
40%
4.74M Kali
38%
3.52M Kubańczyk
19%
3.61M Kukon
19%
5.06M Major SPZ
17%
Nie znaleziono quizów pasujących do podanych kryteriów
Rozkład punktacji
Procent ludzi z każdym wynikiem
Percentyl według liczby udzielonych odpowiedzi
Twoja historia wyników
Nie rozwiązałeś tego quizu